Loreto College Library, Kolkata
WEBOPAC (ONLINE PUBLIC ACCESS CATALOGUE)

The Treasure chest (Record no. 7030)

MARC details
000 -LEADER
fixed length control field 00728nam a2200205Ia 4500
005 - DATE AND TIME OF LATEST TRANSACTION
control field 20230605143733.0
008 - FIXED-LENGTH DATA ELEMENTS--GENERAL INFORMATION
fixed length control field 131103s9999 xx 000 0 und d
020 ## - ISBN | অাই এস বি এন
ISBN | অাই এস বি এন 60690081
040 ## - CATALOGING SOURCE
Original cataloging agency Loreto College
041 ## - LANGUAGE CODE
Language code English
082 ## - DDC | ডিউই
Classification number | বর্গসংখ্যা 808.88
Book Number | গ্রন্থাঙ্ক WAL
245 #4 - TITLE STATEMENT | অাখ্যা বিবরণী
Title | অাখ্যা The Treasure chest
Sub title | উপঅাখ্যা a heritage album containing 1064 familiar and inspiration quotations, poems, sentiments and prayers from great minds of 2500
Statement of responsibility | লেখকের দায়িত্বের বিবরণ edited by Charles L. Wallis; photography by Catherine Hokins
260 ## - IMPRINT | প্রকাশনা ক্ষেত্র
Place of publication | প্রকাশ স্থান Cambridge
Name of publisher | প্রকাশকের নাম Harper and Row Pub
Date of publication | প্রকাশ কাল 1965
300 ## - PHYSICAL DESCRIPTION |
Page / Vol. No | পৃষ্ঠা / খন্ড সংখ্যা viii,248 p.
Other physical details | অনান্য বাহ্যিক বিবরণ ill.
504 ## - BIBLIOGRAPHY, ETC. NOTE
Bibliography, etc Includes index
650 ## - SUBJECT ADDED ENTRY--TOPICAL TERM | বিষয় শিরোনাম - মূল বিষয়
Topical term | মূল বিষয় English Literature - Miscellaneous Writings
700 ## - ADDED ENTRY--PERSONAL NAME | অতিরিক্ত সংলেখ - ব্
Personal name | ব্যাক্তিনাম Wallis, Charles L., ed.
850 ## - HOLDING INSTITUTION
Holding institution LCLIB
942 ## - ADDED ENTRY ELEMENTS (KOHA)
Koha item type Books
Holdings
Withdrawn status Lost status Source of classification Damaged status Not for loan Home library Current library Date acquired Total Checkouts Full call number Accession No. Date last seen Price effective from Koha item type Coded location qualifier
    Dewey Decimal Classification     Loreto College Loreto College 04/11/2013   808.88 WAL 29289 B6900 04/11/2013 04/11/2013 Books